Fake, Verschwörungstheorie oder Wahrheit? - Statistiken

Allgemein
  • Dieses Quiz wurde 305 mal gespielt
  • Das Durchschnittsergebnis liegt bei 9 aus 20
Antwortstatistiken
Frage Antwort % Korrekt
Die Menschheit wird von sogenannten Echsenmenschen gesteuert. Verschwörungstheorie
95%
Paul McCartney ist bereits 1966 gestorben und danach durch einen Doppelgänger ersetzt worden. Verschwörungstheorie
69%
HIV wurde von den USA entwickelt und entwich aus einem Labor. Verschwörungstheorie
69%
Das US-Militär testete im Kalten Krieg in Geheimlaboren verschiedene Drogen an Menschen, um ein „Wahrheitsserum“ zu entwickeln. Wahrheit
69%
Papst Johannes Paul I. wurde vergiftet, da er Korruption in der Vatikanbank aufdecken wollte. Verschwörungstheorie
50%
Die deutsche Fußballnationalmannschaft war 1954 mit Amphetaminen gedopt. Wahrheit
50%
Der Vatikan ist im Besitz einer Zeitmaschine. Verschwörungstheorie
48%
John F. Kennedy wurde von Opus-Dei-Mitgliedern ermordet, weil er homosexuell war. Fake
45%
Die Geheimdienste der USA leiteten den Putsch des Iranischen Premierminister Mossadegh ein, um an das iranische Erdöl zu kommen. Wahrheit
45%
Amerika wurde zuerst von Sibirien aus besiedelt. Wahrheit
45%
Der Denver International Airport soll bei Ausruf einer neuen Weltordnung als zentraler Flughafen dieser dienen. Verschwörungstheorie
40%
Julius Cäsar eroberte nicht Gallien, sondern nur einen kleinen Teil des heutigen Norditaliens. Fake
38%
Das US-Militär versuchte eine Hormon-Bombe zu entwickeln, die Männer homosexuell werden lässt. Wahrheit
38%
John D. Rockefeller diente als Vorbild für die Figur des Patrick Bateman in Bret Easton Ellis Roman „American Psycho“. Fake
33%
Hillary Clinton verkauft(e) illegale Pornografie in einer Pizzeria in Washington D.C. Verschwörungstheorie
33%
Der Irak unter Saddam Hussein hat Massenvernichtungswaffen besessen. Wahrheit
31%
Die Katholische Kirche behauptete im Mittelalter, die Erde sei eine Scheibe. Verschwörungstheorie
29%
Ludwig XIV. Ließ seinen Zwillingsbruder inhaftieren und zwang ihn, bis zu seinem Tod eine Maske zu tragen, um seine Identität geheim zu halten. Verschwörungstheorie
29%
Bei der Amtseinführung von Donald Trump waren mehr Menschen anwesend als bei der von Barack Obama. Verschwörungstheorie
24%
Heinrich VIII. sollte ermordet werden, um die Reformation rückgängig zu machen. Verschwörungstheorie
24%
Keine übereinstimmenden Quizze gefunden
Verteilung der Resultate
Anzahl Personen mit jedem Resultat
Perzentil nach korrekt beantworteten Fragen
Ihre Resultats-Entwicklung
Sie haben dieses Quiz noch nicht gespielt